Construction statistics annual report 2011 (Record no. 111922)

MARC details
000 -LEADER
fixed length control field 01802cad a22002295a 4500
001 - CONTROL NUMBER
control field L152213
008 - FIXED-LENGTH DATA ELEMENTS--GENERAL INFORMATION
fixed length control field 110915e20110812 000 0 eng u
035 ## - SYSTEM CONTROL NUMBER
System control number (Sirsi) u152213
041 ## - LANGUAGE CODE
Language code of text/sound track or separate title eng
050 ## - LIBRARY OF CONGRESS CALL NUMBER
Classification number 306.0212
-- 18
110 ## - MAIN ENTRY--CORPORATE NAME
Corporate name or jurisdiction name as entry element United Kingdom
Subordinate unit Office of National Statistics
9 (RLIN) 2035
245 ## - TITLE STATEMENT
Title Construction statistics annual report 2011
Medium [electronic resource]
260 ## - PUBLICATION, DISTRIBUTION, ETC.
Place of publication, distribution, etc. Newport
Name of publisher, distributor, etc. ONS
Date of publication, distribution, etc. 2011
490 #0 - SERIES STATEMENT
Series statement ONS Construction Statistics
Volume/sequential designation (12) 2011
505 ## - FORMATTED CONTENTS NOTE
Formatted contents note New orders -- Output -- Structure of the industry -- Price indices -- Cost indices -- Investment -- Commercial floor space -- Government department's construction plans -- Local authority expenditure -- National Lottery funded construction projects -- Planning applications and decisions -- Trends in employment and the profession -- Northern Ireland, Wales and Scotland -- Building materials -- International comparison -- DTI Construction Innovation and Research Programme -- Key performance indicators and benchmarking
520 ## - SUMMARY, ETC.
Summary, etc. This report brings together under one cover a wide range of statistics that are currently available on the construction industry from a variety of sources. It gives a broad perspective of statistical trends in the construction industry in Great Britain through the last decade together with some international comparisons and features on leading initiatives that may influence the future. Most of the tables are available in spreadsheet form, allowing independent analyses of the published information.
590 ## - LOCAL NOTE (RLIN)
Local note KA NTK
651 #4 - SUBJECT ADDED ENTRY--GEOGRAPHIC NAME
Geographic name Great Britain
Chronological subdivision 1707-
690 ## - LOCAL SUBJECT ADDED ENTRY--TOPICAL TERM (OCLC, RLIN)
Topical term or geographic name as entry element BUILT ENVIRONMENT-CONSTRUCTION MARKET
856 40 - ELECTRONIC LOCATION AND ACCESS
Uniform Resource Identifier <a href="https://www.ons.gov.uk/ons/search/index.html?newquery=construction+statistics+annual+report+2011">https://www.ons.gov.uk/ons/search/index.html?newquery=construction+statistics+annual+report+2011</a>
Public note View this item free of charge at www.ons.gov.uk
942 ## - ADDED ENTRY ELEMENTS (KOHA)
Suppress in OPAC 0
Holdings
Withdrawn status Lost status Source of classification or shelving scheme Damaged status Not for loan Home library Current library Shelving location Date acquired Total Checkouts Full call number Barcode Date last seen Copy number Price effective from Koha item type
    Dewey Decimal Classification     Virtual Virtual Online 10/02/2011   ONLINE PUBLICATION 152213-2001 06/08/2019 1 06/08/2019 Book